| 000 | 00368nam a2200157Ia 4500 | ||
|---|---|---|---|
| 008 | 230711s9999||||xx |||||||||||||| ||und|| | ||
| 041 | _aENG | ||
| 082 |
_a621 _bPO-E |
||
| 100 | _aPopov,Egor P | ||
| 245 | 0 | _aEngineering mechanics of solids | |
| 250 | _a2nd | ||
| 260 |
_c2006 _aNew Delhi _bPearson |
||
| 300 | _a864 | ||
| 650 | _aMechanical Engineering | ||
| 942 | _cBK | ||
| 999 |
_c2406 _d2406 |
||